000 00197nam a2200085 4500
001 1255675
005 20251211123058.0
245 _aBEN VINCENT VE KORKMUYORUM
_cENNE KOENS
260 _bTİMAŞ YAYINLARI
999 _c1255675
_d1255675